000 00503nam a2200133Ia 4500
005 20260326235505.0
008 260326s9999||||xx |||||||||||||| ||und||
100 _aRodríguez Botero, Germán Dario
245 0 _aDe la Arquitectura Orgánica a la Arquitectura Del lugar :
_b En las Casas Wilkie (1962) y CalDerón (1963) De Fernando Martínez Sanabria /
_cGermán Dario Rodríguez Botero
260 _bUniversidad Nacional de Colombia
300 _a234 p.
650 _aARQUITECTURA REGIONAL
942 _cBK
999 _c8144
_d8144